J. V. Stalin works : (Record no. 136956)

MARC details
000 -LEADER
fixed length control field 00652nam a2200205 4500
010 ## - LIBRARY OF CONGRESS CONTROL NUMBER
LC control number 045861
035 ## - SYSTEM CONTROL NUMBER
System control number 045861
037 ## - SOURCE OF ACQUISITION
Source of stock number/acquisition Cen Lib / Ret
040 ## - CATALOGING SOURCE
Original cataloging agency DPL
Language of cataloging En
082 ## - DEWEY DECIMAL CLASSIFICATION NUMBER
Classification number 320.81
Item number STA
100 ## - MAIN ENTRY--PERSONAL NAME
Personal name Stalin, J. V.
245 ## - TITLE STATEMENT
Title J. V. Stalin works :
Remainder of title november 1917-1920 /
260 ## - PUBLICATION, DISTRIBUTION, ETC. (IMPRINT)
Place of publication, distribution, etc Moscow
Name of publisher, distributor, etc Foreign Languages Publishing House
Date of publication, distribution, etc 1953
270 ## - ADDRESS
Address Foreign Languages Publishing House
City Moscow
300 ## - PHYSICAL DESCRIPTION
Extent (v 4. 494)
Dimensions 24cm(Hb)
650 ## - SUBJECT ADDED ENTRY--TOPICAL TERM
Topical term or geographic name as entry element Stalin, Joseph, -- 1878-1953.
650 ## - SUBJECT ADDED ENTRY--TOPICAL TERM
Topical term or geographic name as entry element Communism -- Soviet Union.
650 ## - SUBJECT ADDED ENTRY--TOPICAL TERM
Topical term or geographic name as entry element Soviet Union -- Politics and government -- 1917-1936.
942 ## - ADDED ENTRY ELEMENTS (KOHA)
Source of classification or shelving scheme Dewey Decimal Classification
Koha item type English Books
Classification part 320.81
Call number suffix STA
Holdings
Withdrawn status Lost status Materials specified (bound volume or other part) Damaged status Not for loan Home library Current library Date acquired Source of acquisition Total Checkouts Full call number Barcode Date last seen Copy number Price effective from Koha item type Public note
Written off   v 4     Central Library Central Library 12/03/2016 Cen Lib/Ret   320.81 STA 045861 12/03/2016 1 12/03/2016 English Books W/d List No. 3393/2:Dtd 03/04/21

© Delhi Public Library
Hit Counter
free hit counter